Determinación de la conductividad hidráulica en los suelos de la serie Baudrit en la estación experimental agrícola Fabio Baudrit Moreno
Guardado en:
| Autor principal: | |
|---|---|
| Formato: | Desconocido |
| Publicado: |
[San José, Costa Rica]
1980
|
| Etiquetas: |
Agregar Etiqueta
Sin Etiquetas, Sea el primero en etiquetar este registro!
|
MARC
| LEADER | 00000 a2200000 4500 | ||
|---|---|---|---|
| 003 | 011339 | ||
| 005 | 20221231143816.0 | ||
| 008 | 140114s1980 c a m 000 ||s d | ||
| 040 | |c cru CEDI | ||
| 090 | |a TFG 408 | ||
| 100 | |a Chaves Benavides, Alexis |9 10293 | ||
| 245 | |a Determinación de la conductividad hidráulica en los suelos de la serie Baudrit en la estación experimental agrícola Fabio Baudrit Moreno | ||
| 260 | |c 1980 |a [San José, Costa Rica] | ||
| 300 | |a 68 hojas ; ilustraciones | ||
| 500 | |a Trabajo de graduación (bachiller en Ingeniería Agrícola)--Universidad de Costa Rica. Facultades de Agronomía e Ingeniería . Escuela de Ingeniería Agrícola | ||
| 942 | |c TFG | ||
| 999 | |c 12295 |d 12295 | ||
